| 000 | 00558nam a2200157 i 4500 | ||
|---|---|---|---|
| 001 | 182064 | ||
| 003 | ES-MaACL | ||
| 005 | 20230906221523.0 | ||
| 008 | 130529s1949 be |||| | fre d | ||
| 100 | 1 |
_aSeverin, Tony. _9152814 |
|
| 245 | 1 | 2 |
_aL'ancient orient. _nFasc.1, _pL'Egypte / _cTony Severin. |
| 260 |
_aLiège : _bH. Dessain, _c1949. |
||
| 300 |
_a50 p., [8] p. de lám. : _bil. ; _c19 cm. |
||
| 651 | 4 |
_aEgipto- _xCivilización. _98138 |
|
| 852 |
_aES-MaACL _j2114-F-13 _z.- Donativo de los herederos de la biblioteca de Mª del Pilar Costa Palacín |
||
| 999 |
_c182064 _d182064 |
||